000 00254nam a22001217a 4500
008 171123b xxu||||| |||| 00| 0 eng d
041 _aeng
080 _a37
100 _a45
101 _aEDU
245 _aINFORMATION POWER
_cJAMES.P
942 _2udc
_cBK
999 _c38395
_d38395